000 00291nam a22001337a 4500
008 170809b xxu||||| |||| 00| 0 eng d
020 _a9781936201068
041 _aeng
080 _a004
100 _a35
101 _aSHKI
245 _aADOBE DREAMWEAVER CS5
_cKENDRA, E
942 _2udc
_cBK
999 _c22950
_d22950